Our philosophical traditions ; a brief history of philosophy in Western civilization.

Bibliographic Details
Main Author: Lamprecht, Sterling P. (Sterling Power), 1890-1973
Format: Book
Language:English
Published: New York : Appleton-Century-Crofts, [1955]
Series:Century philosophy series.
Subjects:

MARC

Tag First Indicator Second Indicator Subfields
LEADER 00000cam a2200000 4500
001 in00000074684
005 20151008053622.0
008 720518s1955 nyu b 00100 eng d
010 |a  55009432  
035 |a (OCoLC)00311805 
035 |9 AAH8048AM 
040 |c CCL  |d m.c.  |d TXA  |d UtOrBLW 
049 |a TXAM  |c 1 [902925], 2 [913481], 3 [1501395] 
090 |a B72  |b  L3 
100 1 |a Lamprecht, Sterling P.  |q (Sterling Power),  |d 1890-1973. 
245 1 0 |a Our philosophical traditions ;  |b a brief history of philosophy in Western civilization. 
264 1 |a New York :  |b Appleton-Century-Crofts,  |c [1955] 
300 |a 523 pages ;  |c 25 cm. 
336 |a text  |b txt  |2 rdacontent 
337 |a unmediated  |b n  |2 rdamedia 
338 |a volume  |b nc  |2 rdacarrier 
490 1 |a The Century Philosophy Series 
504 |a Includes bibliography. 
650 0 |a Philosophy  |x History. 
830 0 |a Century philosophy series. 
999 |a MARS 
999 f f |s 72d11ebe-d0e1-34f5-963e-4d7e57067b93  |i 8528b1d5-577f-3a81-b69c-336314f6d703  |t 0 
952 f f |p ric  |a Texas A&M University  |b Rellis Campus  |c Joint Library Facility  |s JLF  |d Remote Storage  |t 0  |e B72 .L3  |h Library of Congress classification  |i unmediated -- volume  |m A14801586496 
998 f f |a B72 .L3  |t 0  |l Remote Storage